[Event "Munich WGP 2023"]
[Site "Munich GER"]
[Date "2023.02.11"]
[Round "9"]
[White "Muzychuk,A"]
[Black "Tan Zhongyi"]
[Result "0-1"]
[WhiteElo "2522"]
[BlackElo "2530"]
[EventDate "2023.02.02"]

1. e4 c5 2. Nf3 e6 3. d4 cxd4 4. Nxd4 Nf6 5. Nc3 d6 6. g4 h6 7. Rg1 Nc6 8.
Be3 Be7 9. Qd2 Nxd4 10. Qxd4 e5 11. Qa4+ Kf8 12. f3 a6 13. O-O-O Be6 14.
Nd5 b5 15. Qb4 Bxd5 16. exd5 Nd7 17. h4 Qc7 18. Rd2 Bxh4 19. Rh2 g5 20. f4
Rc8 21. Bd3 exf4 22. Bxf4 gxf4 23. Rxh4 Ne5 24. Qe4 Qc5 25. Rgh1 Re8 26.
R4h3 f3 27. Rf1 Rg8 28. Qh7 Qe3+ 29. Kd1 h5 30. g5 Nxd3 31. Qxd3 Qe2+ 32.
Kc1 Qxd3 33. cxd3 Rxg5 34. Rhxf3 Re7 35. Kd2 Rxd5 36. Rc1 Ree5 37. Rc7 Rf5
38. Rxf5 Rxf5 39. Rc6 h4 40. Rxd6 Rh5 0-1

[Event "Munich WGP 2023"]
[Site "Munich GER"]
[Date "2023.02.12"]
[Round "10"]
[White "Paehtz,E"]
[Black "Zhu,Jiner"]
[Result "1/2-1/2"]
[WhiteElo "2464"]
[BlackElo "2486"]
[EventDate "2023.02.02"]

1. e4 c5 2. c3 d5 3. exd5 Qxd5 4. d4 Nc6 5. Nf3 Bf5 6. Be3 Nf6 7. Na3 cxd4
8. Bc4 Qa5 9. Nxd4 Nxd4 10. Bxd4 e5 11. Bb5+ Bd7 12. Bxd7+ Nxd7 13. Nc4 Qd5
14. Qe2 f6 15. O-O Be7 16. Rad1 Qe6 17. Rfe1 O-O 18. f4 Rac8 19. Na5 b6 20.
Nb3 Rfe8 21. Qb5 Rcd8 22. Bf2 Nb8 23. fxe5 fxe5 24. Rxd8 Rxd8 25. Qxe5 Qxe5
26. Rxe5 Bf6 27. Re4 Nc6 28. Bd4 Nxd4 29. Nxd4 Kf7 30. Kf2 Rd5 31. a4 h5
32. Ke2 a6 33. Nc2 h4 34. Ne3 Rc5 35. h3 a5 36. Nc4 Rc6 37. Kd3 Kf8 38. Kc2
Be7 39. Ne5 Rd6 40. Rg4 g5 41. Nf3 Rd5 42. Rd4 Rf5 43. Kd3 b5 44. axb5 Rxb5
45. Kc2 Bf6 46. Re4 Kf7 47. Nd4 Rd5 48. Kb3 Bxd4 49. Rxd4 Re5 50. Rg4 Ke6
51. Ka4 Kd6 52. b4 axb4 53. cxb4 Kc6 54. Kb3 Kb5 55. Kc3 Rd5 56. Rd4 Rf5
57. Kd3 Ka4 58. Rg4 Kb3 59. Ke3 Kc3 60. Re4 Kb3 61. Kd3 Rd5+ 62. Rd4 Rf5
63. Ke4 Rf2 64. b5 Kc3 65. Rd7 Rxg2 66. b6 Rb2 67. b7 Rb5 68. Kf3 Kc4 69.
Kg4 Kc5 70. Rg7 Kc6 71. Kh5 Rxb7 72. Rg6+ Kd5 73. Rxg5+ Ke6 74. Kxh4 Kf6
75. Rg4 Rg7 76. Rf4+ Kg6 77. Rg4+ Kf6 78. Rxg7 Kxg7 1/2-1/2

[Event "Munich WGP 2023"]
[Site "Munich GER"]
[Date "2023.02.12"]
[Round "10"]
[White "Abdumalik,Z"]
[Black "Muzychuk,M"]
[Result "1-0"]
[WhiteElo "2496"]
[BlackElo "2523"]
[EventDate "2023.02.02"]

1. e4 c5 2. Nf3 Nc6 3. Bb5 e6 4. O-O Nge7 5. d4 cxd4 6. Nxd4 Qb6 7. Nxc6
bxc6 8. Bd3 Ng6 9. c4 Be7 10. Nc3 O-O 11. Re1 d6 12. Na4 Qc7 13. c5 dxc5
14. Qc2 Rd8 15. Be2 Nf4 16. Bf1 e5 17. Nxc5 Bxc5 18. Qxc5 Ne6 19. Qc3 c5
20. Be3 Bb7 21. Rac1 Rac8 22. f3 Qd6 23. Qa3 a6 24. Rc3 Rc7 25. Rec1 Rdc8
26. Qa5 Rc6 27. b4 cxb4 28. Rxc6 Rxc6 29. Rxc6 Qxc6 30. Qxb4 h6 31. Qb2 Qc7
32. Kf2 Kh7 33. a4 Bc6 34. Bb6 Qd6 35. a5 Nc5 36. Qc2 Nd7 37. Be3 Bb7 38.
Qb3 Qc6 39. Qxf7 Nf6 40. Qb3 Qc7 41. Bc4 Bc8 42. Qb4 Qc6 43. h4 Be6 44. Bd3
Nd7 45. g4 Kg6 46. Qe7 Nf6 47. h5+ Kh7 48. Qc5 Qa4 49. Qxe5 Bxg4 50. Qb2
Bxf3 51. Kxf3 Qd1+ 52. Qe2 Qh1+ 53. Kf2 Nxe4+ 54. Bxe4+ Qxe4 55. Qxa6 Qh4+
56. Ke2 Qh2+ 57. Kd1 Qxh5+ 58. Kd2 Qh2+ 59. Qe2 Qc7 60. Qd3+ Kh8 61. Qd5
Qh2+ 62. Kc3 Qc7+ 63. Qc5 Qb7 64. Qb6 Qc8+ 65. Kb3 Qf5 66. Bd4 Qb1+ 67. Kc4
Qc2+ 68. Bc3 Qa4+ 69. Kc5 Qd7 70. Qxh6+ 1-0

[Event "Munich WGP 2023"]
[Site "Munich GER"]
[Date "2023.02.12"]
[Round "10"]
[White "Kosteniuk,A"]
[Black "Koneru,H"]
[Result "1/2-1/2"]
[WhiteElo "2519"]
[BlackElo "2572"]
[EventDate "2023.02.02"]

1. e4 e5 2. Nf3 Nc6 3. Bb5 a6 4. Ba4 Nf6 5. O-O Nxe4 6. d4 Be7 7. dxe5 Nc5
8. Bxc6 dxc6 9. Qe2 Bg4 10. h3 Bh5 11. Rd1 Qc8 12. Be3 Ne6 13. Nbd2 Bg6 14.
Qc4 c5 15. a4 O-O 16. Nf1 Rd8 17. Ng3 Rxd1+ 18. Rxd1 Qe8 19. h4 b5 20. Qe2
h6 21. h5 Bh7 22. axb5 axb5 23. c4 bxc4 24. Qxc4 Rb8 25. Qa2 Qb5 26. Rd2
Qc6 27. Qa3 Rb4 28. Rd1 Ra4 29. Qc3 Qb5 30. Rd2 Bf8 31. Ne2 Be4 32. b3 Rb4
33. Nc1 Bxf3 34. gxf3 c4 35. Rb2 Qb7 36. Bd2 Bc5 37. Rb1 Nd4 38. Kg2 Nxb3
39. Be1 Nxc1 40. Rxb4 Bxb4 41. Qxc1 Bxe1 42. Qxe1 Qd5 43. Qb4 Qxe5 44. Qb8+
Kh7 45. Qb1+ f5 46. Qb7 Qc5 47. Qa6 c3 48. Qg6+ Kg8 49. Qe8+ Qf8 50. Qc6
Qf6 51. Qxc7 Kh7 52. Kh3 f4 53. Qc5 Kg8 54. Qc8+ Kf7 55. Qd7+ Kf8 56. Qc8+
Ke7 57. Qc7+ Ke6 58. Qc6+ Ke7 59. Qc7+ Kf8 60. Qc8+ Kf7 61. Qd7+ Kg8 62.
Qc8+ Kh7 63. Qc5 Qg5 64. Qxc3 Qxh5+ 65. Kg2 Qg6+ 66. Kh2 Qf5 67. Qa1 Kg6
68. Qd4 Qh5+ 69. Kg2 Qg5+ 70. Kh2 Kh5 71. Qd7 Kg6 72. Qe8+ Kh7 73. Qe4+ g6
74. Qb7+ Kg8 75. Qc8+ Kf7 76. Qc7+ Ke6 77. Qc6+ Kf7 78. Qc7+ Ke6 1/2-1/2

[Event "Munich WGP 2023"]
[Site "Munich GER"]
[Date "2023.02.12"]
[Round "10"]
[White "Wagner,Dinara"]
[Black "Kashlinskaya,A"]
[Result "1-0"]
[WhiteElo "2414"]
[BlackElo "2491"]
[EventDate "2023.02.02"]

1. d4 d5 2. c4 c6 3. Nf3 Nf6 4. e3 a6 5. b3 Bf5 6. Nbd2 e6 7. Ne5 Bb4 8.
Bd3 Bxd3 9. Nxd3 Bd6 10. O-O O-O 11. Qf3 Nbd7 12. e4 dxe4 13. Nxe4 Nxe4 14.
Qxe4 Qa5 15. Bb2 Rad8 16. Rfe1 Nf6 17. Qe2 Ba3 18. Rad1 Bxb2 19. Qxb2 Rd6
20. Nc5 Qc7 21. Rd3 Rfd8 22. Red1 a5 23. Qe2 h6 24. h3 Qe7 25. Qe3 Qc7 26.
Qe2 Qe7 27. Qe5 b6 28. Na4 Nd7 29. Qe2 b5 30. Nc3 bxc4 31. bxc4 Nf6 32. Qe5
Qa7 33. c5 R6d7 34. Rg3 Kf8 35. Rxg7 Kxg7 36. Ne4 Rd5 37. Qxf6+ Kh7 38. Qh4
Qa6 39. Nf6+ Kg7 40. Nxd5 Rxd5 41. Qg4+ Rg5 42. Qe4 a4 43. h4 Rf5 44. Rd3
Qc4 45. Rg3+ Kf8 46. Qxc6 Qxd4 47. Qd6+ Qxd6 48. cxd6 Rd5 49. Rg4 Rxd6 50.
Rxa4 Rd2 51. g3 Kg7 52. Kg2 Rd3 53. Ra5 Kg6 54. h5+ Kf6 55. g4 Rc3 56. f3
e5 57. Kf2 Rd3 58. Ke2 Rc3 59. Kf2 Rd3 60. Ra7 Rc3 61. Ke2 e4 62. fxe4 Rg3
63. Ra5 Rxg4 64. Ke3 Rg2 65. Rf5+ Ke6 66. a4 Ra2 67. a5 f6 68. Rb5 Ra1 69.
Kd4 Kd7 70. Rb7+ Kc8 71. Rb5 Kd7 72. Kd5 Rd1+ 73. Kc5 Kc7 74. a6 Rc1+ 75.
Kd5 Rd1+ 76. Kc4 Rc1+ 77. Kd4 Ra1 78. Rb7+ Kc8 79. Rb6 Ra5 80. Rxf6 Rxh5
81. Rf8+ 1-0

[Event "Munich WGP 2023"]
[Site "Munich GER"]
[Date "2023.02.12"]
[Round "10"]
[White "Tan Zhongyi"]
[Black "Dzagnidze,N"]
[Result "0-1"]
[WhiteElo "2530"]
[BlackElo "2517"]
[EventDate "2023.02.02"]

1. c4 c5 2. Nf3 Nc6 3. Nc3 Nf6 4. e3 e6 5. d4 d5 6. a3 a6 7. dxc5 Bxc5 8.
b4 Bd6 9. cxd5 exd5 10. Bb2 O-O 11. Be2 Be6 12. O-O b5 13. Qd2 Qe7 14. Rfd1
Rfd8 15. Nd4 Rac8 16. Nxc6 Rxc6 17. Qd4 Qc7 18. f4 Qb8 19. a4 bxa4 20. Nxa4
Qxb4 21. Qxb4 Bxb4 22. Bxf6 gxf6 23. Rd4 Be7 24. Rad1 f5 25. Bf3 Rc4 26.
Be2 Rxd4 27. Rxd4 a5 28. Bf3 Bf6 29. Rd1 d4 30. Nc5 dxe3 31. Rxd8+ Bxd8 32.
Nxe6 fxe6 33. Bd1 Bc7 34. g3 e5 35. fxe5 Bxe5 36. Kg2 f4 37. gxf4 Bxf4 38.
Kf3 Bh6 39. h4 Kf7 40. Bc2 Ke6 41. Ke2 Ke5 42. Bxh7 a4 43. Kd3 Kf4 44. Bg6
a3 45. Bf7 Kg3 46. Ke2 Kxh4 47. Kf3 Kg5 48. Ba2 Kf5 49. Ke2 Ke4 50. Bg8 Kd4
51. Kd1 Kc3 0-1

[Event "Munich WGP 2023"]
[Site "Munich GER"]
[Date "2023.02.12"]
[Round "10"]
[White "Harika,D"]
[Black "Muzychuk,A"]
[Result "1-0"]
[WhiteElo "2507"]
[BlackElo "2522"]
[EventDate "2023.02.02"]

1. c4 c5 2. Nf3 Nc6 3. d4 cxd4 4. Nxd4 Nf6 5. Nc3 e6 6. g3 Qb6 7. Ndb5 Ne5
8. Bf4 Nfg4 9. e3 a6 10. Qa4 Ra7 11. h3 axb5 12. Qxb5 Qxb5 13. Nxb5 Bb4+
14. Ke2 Ra5 15. hxg4 Nxc4 16. Rc1 d5 17. a3 Rxb5 18. axb4 e5 19. Bxe5 Bxg4+
20. Ke1 f6 21. Bc3 Rb6 22. b3 Ne5 23. f4 Nf7 24. Bg2 Be6 25. Rh5 Rb5 26.
Bf1 Rb6 27. b5 g6 28. Rh2 Bd7 29. Bd4 Rd6 30. Bc5 Re6 31. Bh3 f5 32. Bg2 b6
33. Bd4 O-O 34. Bxd5 Rd6 35. Bc4 Be6 36. Be5 1-0

[Event "Munich WGP 2023"]
[Site "Munich GER"]
[Date "2023.02.13"]
[Round "11"]
[White "Muzychuk,M"]
[Black "Wagner,Dinara"]
[Result "1/2-1/2"]
[WhiteElo "2523"]
[BlackElo "2414"]
[EventDate "2023.02.02"]

1. e4 c5 2. Nf3 d6 3. Bb5+ Nd7 4. a4 Ngf6 5. Nc3 e6 6. O-O Be7 7. d4 cxd4
8. Qxd4 O-O 9. Rd1 Qc7 10. Bg5 Rd8 11. a5 a6 12. Be2 Ne5 13. Be3 Bd7 14.
Qb4 Nc6 15. Qb3 Rdc8 16. Bb6 Qb8 17. Nd2 Be8 18. Nc4 Ne5 19. Ne3 Ned7 20.
Nc4 Ne5 21. f3 Nxc4 22. Bxc4 Rc6 23. Na4 Nd7 24. Be2 Nxb6 25. Nxb6 Qa7 26.
Kh1 Rd8 27. Rd4 Qb8 28. Rad1 Qc7 29. Rc4 Rc5 30. Qe3 Rxc4 1/2-1/2

[Event "Munich WGP 2023"]
[Site "Munich GER"]
[Date "2023.02.13"]
[Round "11"]
[White "Kashlinskaya,A"]
[Black "Paehtz,E"]
[Result "1/2-1/2"]
[WhiteElo "2491"]
[BlackElo "2464"]
[EventDate "2023.02.02"]

1. d4 d5 2. c4 c6 3. Nf3 Nf6 4. Nc3 a6 5. e3 g6 6. Be2 Bg7 7. O-O O-O 8. h3
b5 9. cxd5 cxd5 10. Ne5 e6 11. Bd2 Nfd7 12. Nd3 Nc6 13. b4 Nb6 14. a4 e5
15. dxe5 d4 16. exd4 Nxd4 17. Bf3 Nxf3+ 18. Qxf3 Bf5 19. Ne4 Qd4 20. Rfe1
Nc4 21. Bg5 bxa4 22. Rxa4 Nxe5 23. Nxe5 Bxe5 24. Ng3 Bc2 25. Ra2 Rac8 26.
Be7 Rfe8 27. Bc5 Qc4 28. Ra3 Bg7 29. Rxe8+ Rxe8 30. Re3 Qb5 31. Ne4 Bxe4
32. Rxe4 h5 33. Rxe8+ Qxe8 34. g3 Qe6 35. Kg2 1/2-1/2

[Event "Munich WGP 2023"]
[Site "Munich GER"]
[Date "2023.02.13"]
[Round "11"]
[White "Zhu,Jiner"]
[Black "Kosteniuk,A"]
[Result "1-0"]
[WhiteElo "2486"]
[BlackElo "2519"]
[EventDate "2023.02.02"]

1. d4 Nf6 2. c4 e6 3. Nc3 Bb4 4. e3 O-O 5. Bd3 d5 6. a3 Bxc3+ 7. bxc3 dxc4
8. Bxc4 c5 9. Ne2 Qc7 10. Ba2 b6 11. O-O Ba6 12. Re1 Nc6 13. Ng3 Rfd8 14.
Rb1 Rac8 15. Rb2 e5 16. d5 e4 17. Qa4 Na5 18. c4 h5 19. f4 Qd7 20. Qxd7
Rxd7 21. Rc2 h4 22. Nf5 Ne8 23. Bb2 f6 24. Rec1 Kf7 25. Kf2 Rcc7 26. Nxh4
Nd6 27. g4 Naxc4 28. Rxc4 Bxc4 29. Rxc4 Nxc4 30. Bxc4 b5 31. Bxb5 Rb7 32.
Bxd7 Rxd7 33. Nf5 Rxd5 34. Ke2 g6 35. Nh6+ Ke6 36. f5+ gxf5 37. gxf5+ Ke7
38. h4 c4 39. Ng8+ Kf7 40. Nxf6 Rxf5 41. Nxe4 Rh5 42. Nd6+ Ke6 43. Nxc4
Rxh4 44. Bd4 Kd5 45. Kd3 Rg4 46. Nd2 Kc6 47. Ne4 a5 48. Nc3 Rg1 49. Kc4 Ra1
50. Kb3 Kb7 51. Ka4 Ka6 52. Ne4 Rb1 53. Nc5+ Kb6 54. Nb3+ Ka6 55. Bc3 Rh1
56. Bxa5 Rh5 57. Bb4 Kb6 58. Nd4 Rh3 59. Nc2 Kc6 60. Kb3 Kd5 61. Kc3 Ke4
62. Bc5 Rh8 63. a4 Kd5 64. Bb6 1-0

[Event "Munich WGP 2023"]
[Site "Munich GER"]
[Date "2023.02.13"]
[Round "11"]
[White "Koneru,H"]
[Black "Tan Zhongyi"]
[Result "1/2-1/2"]
[WhiteElo "2572"]
[BlackElo "2530"]
[EventDate "2023.02.02"]

1. d4 Nf6 2. c4 g6 3. g3 c6 4. Bg2 d5 5. cxd5 cxd5 6. Nf3 Bg7 7. O-O O-O 8.
Ne5 Bf5 9. Nc3 Ne4 10. Bf4 Nc6 11. Nxc6 bxc6 12. Rc1 Nxc3 13. bxc3 Qb6 14.
Qd2 Rfe8 15. Rfd1 e5 16. dxe5 Bxe5 17. Bxe5 Rxe5 18. c4 d4 19. Qxd4 Qxd4
20. Rxd4 Rxe2 21. Bxc6 Rc8 22. Bf3 Rxa2 23. c5 a5 24. c6 Rc7 25. g4 Be6 26.
Rd8+ Kg7 27. Rb1 Rc2 28. Kg2 a4 29. Rb7 R2xc6 30. Bxc6 Rxc6 31. Ra7 Bxg4
1/2-1/2

[Event "Munich WGP 2023"]
[Site "Munich GER"]
[Date "2023.02.13"]
[Round "11"]
[White "Muzychuk,A"]
[Black "Abdumalik,Z"]
[Result "1/2-1/2"]
[WhiteElo "2522"]
[BlackElo "2496"]
[EventDate "2023.02.02"]

1. e4 e5 2. Nf3 Nc6 3. Nc3 Nf6 4. Bb5 Bb4 5. O-O O-O 6. Bxc6 dxc6 7. Nxe5
Re8 8. Nd3 Bxc3 9. dxc3 Nxe4 10. Bf4 Bf5 11. Re1 Nd6 12. Qf3 Qf6 13. Qg3
Ne4 14. Qe3 Nd6 15. Qg3 Ne4 16. Qe3 Nd6 17. Qg3 Ne4 1/2-1/2

[Event "Munich WGP 2023"]
[Site "Munich GER"]
[Date "2023.02.13"]
[Round "11"]
[White "Dzagnidze,N"]
[Black "Harika,D"]
[Result "1/2-1/2"]
[WhiteElo "2517"]
[BlackElo "2507"]
[EventDate "2023.02.02"]

1. d4 d5 2. c4 e6 3. Nf3 Nf6 4. Nc3 c5 5. cxd5 cxd4 6. Nxd4 Nxd5 7. Bd2 Nf6
8. Bf4 Nd5 9. Bd2 Nf6 10. Bf4 Nd5 11. Bd2 1/2-1/2